| 000 | 00656nas a2200229 4500 | ||
|---|---|---|---|
| 001 | BR5500181 | ||
| 003 | BR-BrBNA | ||
| 005 | 20231205081953.0 | ||
| 007 | ta | ||
| 008 | 230509b bl.|||p| |||| 00| 00por d | ||
| 040 |
_aBR-BrBNA _bpor _cBiblioteca Nacional de Agricultura |
||
| 041 | _a(Pt) | ||
| 072 | _aL73 | ||
| 100 | 1 | _aGuerreiro, M.G. | |
| 245 | 1 | _aCriterio na determinacao de variante do virus aftoso | |
| 650 | _aAFTOSA | ||
| 650 | _aVIRUS | ||
| 650 | _aIMUNOLOGIA | ||
| 773 | 0 |
_tBoletim da Diretoria da Producao Animal (Brazil) _x _g(Dec 1955), v. 12(23) p. 3-5 _wBR5500181 |
|
| 909 |
_a202311 _bLúcia _c55 _dLúcia Elande |
||
| 942 |
_2AGRIS _n0 _cANA |
||
| 999 |
_c88237 _d88237 |
||